[Event "Chigorin Mem Blitz 2014"]
[Site "St Petersburg RUS"]
[Date "2014.10.17"]
[Round "8.3"]
[White "Timofeev, Artyom"]
[Black "Shimanov, Aleksandr"]
[Result "1/2-1/2"]
[WhiteTitle "GM"]
[BlackTitle "GM"]
[WhiteElo "2598"]
[BlackElo "2606"]
[WhiteFideId "4140419"]
[BlackFideId "4198603"]
[EventDate "2014.10.17"]

1. c4 c6 2. Nf3 d5 3. e3 Nf6 4. Nc3 a6 5. b3 Bg4 6. d4 e6 7. Bb2 Bb4 8. a3 Bd6
9. Be2 Nbd7 10. O-O O-O 11. h3 Bxf3 12. Bxf3 Qe7 13. Re1 b5 14. e4 dxe4 15. Nxe4
Nxe4 16. Bxe4 Rac8 17. Qf3 bxc4 18. bxc4 c5 19. d5 e5 20. Bf5 Rb8 21. Rab1 Nf6
22. Bc3 Qc7 23. g3 Rfe8 24. Kg2 Nd7 25. Rxb8 Nxb8 26. h4 g6 27. Bc2 f5 28. h5 e4
29. Qe3 Be5 30. Bxe5 Rxe5 31. Qf4 Nd7 32. Ba4 Nf6 33. h6 Nh5 34. Qc1 f4 35. Qc3
fxg3 36. fxg3 Rg5 37. Re3 Nf4+ 38. Kf1 Nh5 39. Kg2 Nf4+ 40. Kf1 Nh5 41. Kg2 Nf4+ 1/2-1/2

[Event "Chigorin Mem Blitz 2014"]
[Site "St Petersburg RUS"]
[Date "2014.10.17"]
[Round "8.4"]
[White "Ponkratov, Pavel"]
[Black "Sethuraman, S.P."]
[Result "1-0"]
[WhiteTitle "GM"]
[BlackTitle "GM"]
[WhiteElo "2617"]
[BlackElo "2613"]
[WhiteFideId "4157800"]
[BlackFideId "5021596"]
[EventDate "2014.10.17"]

1. e4 d5 2. exd5 Qxd5 3. Nc3 Qd6 4. d4 Nf6 5. Nf3 g6 6. Nb5 Qb6 7. c4 c6 8. Nc3
Bg7 9. h3 O-O 10. Be2 Rd8 11. c5 Qc7 12. O-O Nbd7 13. Qa4 e5 14. dxe5 Nxe5 15.
Bf4 Nd5 16. Nxd5 Rxd5 17. Rfd1 Be6 18. Nd4 Rxc5 19. Nxe6 fxe6 20. Bc4 Qe7 21.
Bb3 Rb5 22. Qe4 Rf8 23. Bg3 a5 24. Rd2 Kh8 25. Re1 Rb4 26. Qc2 Rb5 27. Rde2 Nf7
28. Rxe6 Qc5 29. Qxc5 Rxc5 30. Re8 Rf5 31. R8e7 b5 32. Be6 Rf6 33. a3 h6 34. Ba2
Ng5 35. h4 Nf7 36. Rc7 Nd6 37. Bxd6 Rxd6 38. Ree7 Rd1+ 39. Kh2 Ra1 40. Rxg7 1-0

[Event "Chigorin Mem Blitz 2014"]
[Site "St Petersburg RUS"]
[Date "2014.10.17"]
[Round "8.5"]
[White "Kazhgaleyev, Murtas"]
[Black "Golubov, Saveliy"]
[Result "1-0"]
[WhiteTitle "GM"]
[WhiteElo "2566"]
[BlackElo "2347"]
[WhiteFideId "13700316"]
[BlackFideId "24176729"]
[EventDate "2014.10.17"]

1. d4 Nf6 2. c4 e6 3. Nf3 d5 4. Nc3 Be7 5. Bf4 O-O 6. e3 Nbd7 7. c5 c6 8. h3 b6
9. b4 a5 10. a3 Ba6 11. Bxa6 Rxa6 12. O-O Qc8 13. Qc2 Qb7 14. Rab1 axb4 15. axb4
b5 16. Ra1 Rfa8 17. Qb2 Bd8 18. Nd2 Bc7 19. Bxc7 Qxc7 20. Nb3 e5 21. Rxa6 Rxa6
22. Ra1 Rxa1+ 23. Qxa1 exd4 24. Nxd4 Nb8 25. Nce2 h6 26. Ng3 Kh7 27. Ngf5 Qe5
28. Qa8 g6 29. Nd6 Nfd7 30. Nxc6 Qa1+ 31. Qxa1 1-0

[Event "Chigorin Mem Blitz 2014"]
[Site "St Petersburg RUS"]
[Date "2014.10.17"]
[Round "8.6"]
[White "Sjugirov, Sanan"]
[Black "Tsydypov, Zhamsaran"]
[Result "0-1"]
[WhiteTitle "GM"]
[BlackTitle "FM"]
[WhiteElo "2664"]
[BlackElo "2406"]
[WhiteFideId "4189302"]
[BlackFideId "4108566"]
[EventDate "2014.10.17"]

1. d4 g6 2. c4 Bg7 3. Nc3 c5 4. d5 d6 5. e4 e6 6. Nf3 Ne7 7. Be2 O-O 8. h3 a6 9.
O-O exd5 10. exd5 h6 11. Re1 g5 12. h4 g4 13. Nh2 f5 14. h5 Qe8 15. Bf4 Rf6 16.
Bd3 Bf8 17. Na4 Nd7 18. Re6 Rxe6 19. dxe6 Ne5 20. Nb6 Rb8 21. Bc2 Qc6 22. Nxc8
Rxc8 23. Nf1 Bg7 24. Ng3 Rf8 25. b3 b5 26. cxb5 axb5 27. a4 bxa4 28. Rxa4 d5 29.
Qe2 Qxe6 0-1

[Event "Chigorin Mem Blitz 2014"]
[Site "St Petersburg RUS"]
[Date "2014.10.17"]
[Round "8.7"]
[White "Lalith, Babu M.R."]
[Black "Volkov, Sergey"]
[Result "1/2-1/2"]
[WhiteTitle "GM"]
[BlackTitle "GM"]
[WhiteElo "2547"]
[BlackElo "2599"]
[WhiteFideId "5024595"]
[BlackFideId "4122763"]
[EventDate "2014.10.17"]

1. Nf3 d5 2. d4 Nf6 3. c4 c6 4. Nc3 a6 5. c5 Nbd7 6. Qc2 g6 7. g3 Bg7 8. Bg2 O-O
9. O-O Re8 10. Rd1 Nf8 11. Ne5 N6d7 12. e4 dxe4 13. Nxe4 Nxe5 14. dxe5 Qc7 15.
f4 Bg4 16. Rd3 Bf5 17. Be3 f6 18. Qb3+ Be6 19. Qb6 Qxb6 20. cxb6 fxe5 21. Nc5
exf4 22. Bd4 Bf5 23. Bxg7 Kxg7 24. Rc3 Rab8 25. gxf4 Nd7 26. Nxd7 Bxd7 27. Rd1
Bg4 28. Bf3 Bf5 29. Rc4 Red8 30. Rcd4 Rxd4 31. Rxd4 Kf6 32. Kf2 Be6 33. a3 Bd5
34. Ke3 e6 35. Be2 e5 36. fxe5+ Kxe5 37. Rf4 Re8 38. Bd3 Re7 39. Rf8 g5 40. Rh8
Kd6+ 41. Kd2 Kc5 42. Bxh7 Kxb6 43. Bd3 Rf7 44. Ke3 Rf3+ 45. Ke2 g4 46. Rh7 a5
47. Rh4 Rf6 48. Rh7 Re6+ 49. Kd2 Rd6 50. Kc3 Rf6 51. Rg7 Rf4 52. Kd2 Be6 53. Ke3
Rf3+ 54. Ke2 Rh3 55. Rh7 Rxh7 56. Bxh7 Kc5 57. Kd3 b5 58. Kc3 b4+ 59. axb4+
axb4+ 60. Kd3 Bc8 61. Bg8 Kd6 62. Ke4 c5 63. Bc4 Be6 64. Be2 Bd7 65. Bc4 Bc8 66.
Be2 Kc6 67. Ke5 Bd7 68. Bc4 1/2-1/2

[Event "Chigorin Mem Blitz 2014"]
[Site "St Petersburg RUS"]
[Date "2014.10.17"]
[Round "8.8"]
[White "Bukavshin, Ivan"]
[Black "Rozum, Ivan"]
[Result "1-0"]
[WhiteTitle "GM"]
[BlackTitle "GM"]
[WhiteElo "2616"]
[BlackElo "2551"]
[WhiteFideId "4199758"]
[BlackFideId "24104272"]
[EventDate "2014.10.17"]

1. e4 d6 2. d4 Nf6 3. Nc3 e5 4. dxe5 dxe5 5. Qxd8+ Kxd8 6. Bc4 Ke8 7. f3 c6 8.
Be3 Nbd7 9. Bf2 Bc5 10. Bh4 Ke7 11. Nge2 b5 12. Bd3 Bb7 13. O-O-O Be3+ 14. Kb1
Nc5 15. f4 Nd7 16. Nxb5 exf4 17. Na3 Ne5 18. Nc4 Ng6 19. Be1 c5 20. Nc3 Bd4 21.
Nb5 Rhd8 22. Nxd4 cxd4 23. Bb4+ Ke6 24. Na5 Rab8 25. Bc4+ Ke5 26. Bxf7 Ba8 27.
Nc4+ Kxe4 28. Be6 Nd5 29. Ba5 Ne3 30. Bxd8 Rxd8 31. Rhe1 Nh4 32. Re2 Re8 33.
Nd6+ Ke5 34. Nxe8 Kxe6 35. Nc7+ Ke5 36. Nxa8 Nxg2 37. Rg1 f3 38. Rf2 Kf4 39. Nc7
g5 40. Ne6+ 1-0

[Event "Chigorin Mem Blitz 2014"]
[Site "St Petersburg RUS"]
[Date "2014.10.17"]
[Round "8.9"]
[White "Dzhumagaliev, Yan"]
[Black "Alekseev, Evgeny"]
[Result "0-1"]
[WhiteTitle "FM"]
[BlackTitle "GM"]
[WhiteElo "2415"]
[BlackElo "2682"]
[WhiteFideId "24100110"]
[BlackFideId "4138147"]
[EventDate "2014.10.17"]

1. h4 d5 2. h5 e5 3. c3 h6 4. d4 Nc6 5. dxe5 Nxe5 6. Bf4 Nc4 7. e4 Nb6 8. e5 Ne7
9. Nd2 c5 10. a4 Be6 11. a5 Nd7 12. a6 b6 13. Bb5 Qc7 14. Ngf3 Nc6 15. c4 O-O-O
16. Qa4 Nb4 17. O-O Nb8 18. cxd5 Bxd5 19. Bg3 N8c6 20. Nc4 Bxf3 21. gxf3 Nd4 22.
e6 Ne2+ 23. Kg2 Nxg3 24. Bd7+ Kb8 25. fxg3 fxe6 26. Rfd1 Be7 27. Rac1 Bf6 28.
Qb5 Bd4 29. Rxd4 cxd4 30. Ne5 Qxc1 31. Qxb4 Qc5 32. Qe1 Kc7 33. Ba4 d3 34. Bd1
d2 35. Qe4 Rd5 36. Ng6 Re8 37. Qf4+ Qd6 38. Qf7+ Qd7 39. Qf4+ Qd6 40. Qf7+ Qd7
41. Qf4+ e5 42. Qc4+ Rc5 43. Qe4 Qc6 44. Qf5 Rc1 45. Qf7+ Qd7 46. Qb3 Qe6 47.
Qa4 Rd8 48. Qe4 Qc6 49. Qxe5+ Qd6 50. Qxg7+ Rd7 51. Qg8 Rxd1 52. Qc4+ Qc5 53.
Qf4+ Qd6 54. Qc4+ Qc6 55. Qf4+ Qd6 56. Qc4+ Kd8 57. Qg8+ Kc7 58. Qc4+ Qc5 59.
Qf4+ Rd6 60. Qf7+ Rd7 61. Qf4+ Kc8 62. Qe4 Rg1+ 63. Kh3 Rh1+ 64. Kg4 Rd4 65.
Ne7+ Kd7 0-1

[Event "Chigorin Mem Blitz 2014"]
[Site "St Petersburg RUS"]
[Date "2014.10.17"]
[Round "8.10"]
[White "Iljin, Timofey"]
[Black "Ivanisevic, Ivan"]
[Result "0-1"]
[WhiteTitle "IM"]
[BlackTitle "GM"]
[WhiteElo "2388"]
[BlackElo "2623"]
[WhiteFideId "14110180"]
[BlackFideId "912417"]
[EventDate "2014.10.17"]

1. d4 Nf6 2. c4 c5 3. d5 g6 4. Nc3 Bg7 5. e4 O-O 6. f4 d6 7. Nf3 e6 8. Be2 exd5
9. cxd5 Bg4 10. O-O Nbd7 11. Re1 Re8 12. Bf1 Nh5 13. h3 Bxf3 14. Qxf3 Qh4 15.
Be3 a6 16. g4 Qg3+ 17. Bg2 Qxf3 18. Bxf3 Nhf6 19. a4 h6 20. h4 Nb6 21. g5 Nfd7
22. Bc1 Rab8 23. a5 Nc8 24. Bd2 Na7 25. Kg2 c4 26. Be3 Nb5 27. Rac1 h5 28. Rc2
b6 29. axb6 Nxb6 30. Bxb6 Rxb6 31. Na4 Rb7 32. Rxc4 Nd4 33. b4 Reb8 34. Rb1 a5
35. b5 Rxb5 36. Rxb5 Rxb5 37. Rc8+ Bf8 38. e5 Nxf3 39. Kxf3 dxe5 40. fxe5 Rxd5
41. Ke4 Rd2 42. Nb6 Kg7 43. Nd5 a4 44. Nf6 Re2+ 45. Kd5 Rd2+ 46. Ke4 Re2+ 47.
Kd3 Rxe5 48. Rxf8 Kxf8 49. Nd7+ Ke7 50. Nxe5 Ke6 51. Ke4 a3 52. Nd3 a2 53. Nc5+
Kd6 54. Nb3 Kc6 55. Ke5 Kb5 56. Kf6 Kb4 57. Na1 Kc3 58. Kxf7 Kb2 59. Kxg6 Kxa1
60. Kxh5 Kb2 61. g6 a1=Q 62. g7 Qa8 63. Kh6 Qg8 64. h5 Kc3 65. Kg6 Kd4 66. h6
Ke5 67. h7 Qe6+ 68. Kh5 Qf5+ 69. Kh6 Qf6+ 70. Kh5 Qxg7 0-1

[Event "Chigorin Mem Blitz 2014"]
[Site "St Petersburg RUS"]
[Date "2014.10.17"]
[Round "8.11"]
[White "Demchenko, Anton"]
[Black "Sarana, Alexey"]
[Result "1-0"]
[WhiteTitle "GM"]
[WhiteElo "2588"]
[BlackElo "2411"]
[WhiteFideId "4160258"]
[BlackFideId "24133795"]
[EventDate "2014.10.17"]

1. e4 c5 2. Nf3 d6 3. d4 cxd4 4. Nxd4 Nf6 5. Nc3 a6 6. h3 e5 7. Nde2 h5 8. g3
Be6 9. Bg2 Be7 10. O-O b5 11. a4 b4 12. Nd5 Nxd5 13. exd5 Bf5 14. Be3 Nd7 15.
Qd2 a5 16. c3 bxc3 17. Nxc3 O-O 18. Nb5 Nb6 19. Rfc1 Bd7 20. Rc6 Rb8 21. Qxa5
Bxc6 22. dxc6 Nc4 23. Qxd8 Bxd8 24. c7 Bxc7 25. Nxc7 Rxb2 26. a5 Rfb8 27. a6
Rb1+ 28. Rxb1 Rxb1+ 29. Kh2 Ra1 30. a7 Nxe3 31. a8=Q+ Rxa8 32. Bxa8 Nf5 33. Be4
Ne7 34. Nd5 Nc8 35. Bf5 Na7 36. Bd7 g6 37. g4 hxg4 38. hxg4 g5 39. Kg2 Kg7 40.
Kf3 Kg6 41. Ke4 f6 42. f3 Kg7 43. Kf5 Kh6 44. Kxf6 1-0

[Event "Chigorin Mem Blitz 2014"]
[Site "St Petersburg RUS"]
[Date "2014.10.17"]
[Round "8.12"]
[White "Aleksandrov, Aleksej"]
[Black "Usmanov, Vasily"]
[Result "1/2-1/2"]
[WhiteTitle "GM"]
[BlackTitle "IM"]
[WhiteElo "2583"]
[BlackElo "2427"]
[WhiteFideId "13500139"]
[BlackFideId "4135741"]
[EventDate "2014.10.17"]

1. d4 Nf6 2. c4 e6 3. Nc3 d5 4. cxd5 exd5 5. Bg5 Be7 6. e3 c6 7. Bd3 Nbd7 8. Qc2
O-O 9. Nge2 Re8 10. O-O Nf8 11. f3 Be6 12. Bh4 Rc8 13. Kh1 a6 14. Rad1 c5 15.
dxc5 Bxc5 16. e4 d4 17. e5 dxc3 18. exf6 Qb6 19. Nxc3 Ng6 20. Bf2 Bxf2 21. Qxf2
Qxf2 22. Rxf2 gxf6 23. Rfd2 Kg7 24. Be4 Re7 25. h3 f5 26. Bb1 b5 27. a3 Rc5 28.
Kh2 Bb3 29. Bc2 Bxc2 30. Rxc2 a5 31. Rd5 Rec7 32. Rcd2 b4 33. axb4 axb4 34. Rxc5
Rxc5 35. Nd5 b3 36. Nc3 Nf4 37. Kg3 Ne6 38. Kf2 f4 39. Rd5 Rxd5 40. Nxd5 Kg6 41.
Ke2 Kg5 42. Nb4 Kh4 43. Nd3 Kg3 44. Kf1 Nd4 45. Nc1 h5 46. Kg1 f6 47. Kf1 Kh2
48. Kf2 h4 49. Nd3 Ne6 50. Nb4 Nc5 51. Kf1 Kh1 52. Kf2 Kh2 53. Kf1 Kh1 54. Kf2
Kh2 55. Kf1 Kh1 56. Kf2 Kh2 57. Kf1 Ne6 58. Nd3 Kh1 59. Nf2+ Kh2 60. Ne4 1/2-1/2

[Event "Chigorin Mem Blitz 2014"]
[Site "St Petersburg RUS"]
[Date "2014.10.17"]
[Round "9.1"]
[White "Rakhmanov, Aleksandr"]
[Black "Smirin, Ilia"]
[Result "0-1"]
[WhiteTitle "GM"]
[BlackTitle "GM"]
[WhiteElo "2636"]
[BlackElo "2655"]
[WhiteFideId "4173708"]
[BlackFideId "2801990"]
[EventDate "2014.10.17"]

1. c4 g6 2. g3 Bg7 3. Bg2 e5 4. Nc3 Nc6 5. d3 Nge7 6. e3 d6 7. Nge2 f5 8. O-O
O-O 9. Nd5 Be6 10. Nec3 Kh8 11. Bd2 g5 12. f4 exf4 13. exf4 g4 14. Re1 Nd4 15.
Be3 Nec6 16. Bf2 Qd7 17. b4 Nf3+ 18. Bxf3 gxf3 19. Qxf3 Nxb4 20. Rac1 Nxd5 21.
cxd5 Bf7 22. Ne2 Qb5 23. Bd4 Bxd4+ 24. Nxd4 Qb6 25. Qf2 Bxd5 26. Rb1 Qc5 27.
Rec1 Qa3 28. Nb5 Qxd3 29. Qb2+ Kg8 30. Rxc7 Qe3+ 31. Kf1 Rf7 32. Rxf7 Bxf7 33.
Qc3 Qe4 34. Re1 Qh1+ 35. Kf2 Qxh2+ 36. Kf1 Bd5 37. Re2 Qh1+ 38. Kf2 Qg1+ 0-1

[Event "Chigorin Mem Blitz 2014"]
[Site "St Petersburg RUS"]
[Date "2014.10.17"]
[Round "9.2"]
[White "Shimanov, Aleksandr"]
[Black "Ponkratov, Pavel"]
[Result "0-1"]
[WhiteTitle "GM"]
[BlackTitle "GM"]
[WhiteElo "2606"]
[BlackElo "2617"]
[WhiteFideId "4198603"]
[BlackFideId "4157800"]
[EventDate "2014.10.17"]

1. d4 Nf6 2. Bg5 c5 3. Bxf6 gxf6 4. d5 Qb6 5. Qc1 Bh6 6. e3 f5 7. c4 d6 8. Nc3
Nd7 9. Bd3 Ne5 10. Be2 Qb4 11. a3 Qb3 12. Qd1 Qxd1+ 13. Rxd1 f4 14. exf4 Bxf4
15. g3 Bh6 16. Nf3 Bg7 17. Nxe5 Bxe5 18. Kd2 Bd7 19. Rhe1 a6 20. f4 Bd4 21. Kc2
Kf8 22. b3 h5 23. Bf3 h4 24. g4 h3 25. Ne2 Bg7 26. Ng3 b5 27. Rb1 Rh4 28. f5 Be5
29. Rxe5 dxe5 30. Ne4 Rc8 31. Kd3 f6 32. Ke3 Kf7 33. Rc1 Rhh8 34. Be2 Rc7 35.
Kf3 Rb8 36. Kg3 Kg7 37. Rc3 b4 38. axb4 Rxb4 39. Kxh3 a5 40. Kg3 a4 41. bxa4
Bxa4 42. Bd3 Rb3 43. Rxb3 Bxb3 44. h4 Ra7 45. Nxc5 Ra3 46. Kf2 Ba2 47. Be2 Rc3
48. Ne4 Rc2 49. Ke3 Bxc4 50. Bxc4 Rxc4 51. g5 fxg5 52. hxg5 Rd4 53. f6+ exf6 54.
Nxf6 Kg6 55. Ne4 Rxd5 0-1

[Event "Chigorin Mem Blitz 2014"]
[Site "St Petersburg RUS"]
[Date "2014.10.17"]
[Round "9.3"]
[White "Andriasian, Zaven"]
[Black "Timofeev, Artyom"]
[Result "1-0"]
[WhiteTitle "GM"]
[BlackTitle "GM"]
[WhiteElo "2622"]
[BlackElo "2598"]
[WhiteFideId "13302000"]
[BlackFideId "4140419"]
[EventDate "2014.10.17"]

1. e4 e6 2. d3 c5 3. Nf3 Nc6 4. g3 g6 5. Bg2 Bg7 6. h4 h6 7. O-O Nge7 8. c3 O-O
9. d4 cxd4 10. cxd4 d5 11. e5 f6 12. exf6 Rxf6 13. Nc3 Rf8 14. Bf4 Nf5 15. Qd2
Kh7 16. Ne2 b6 17. Rac1 Nfe7 18. Rfe1 Ba6 19. Bh3 Qd7 20. h5 Rae8 21. Bg4 gxh5
22. Bxh5 Rc8 23. Kg2 Nf5 24. Bg4 Bxe2 25. Qxe2 Ncxd4 26. Nxd4 Nxd4 27. Qd3+ Nf5
28. Rxc8 Qxc8 29. Rc1 Qe8 30. Rc7 Qg6 31. Qd1 e5 32. Bxe5 Rf7 33. Bh5 1-0

[Event "Chigorin Mem Blitz 2014"]
[Site "St Petersburg RUS"]
[Date "2014.10.17"]
[Round "9.4"]
[White "Tsydypov, Zhamsaran"]
[Black "Kazhgaleyev, Murtas"]
[Result "0-1"]
[WhiteTitle "FM"]
[BlackTitle "GM"]
[WhiteElo "2406"]
[BlackElo "2566"]
[WhiteFideId "4108566"]
[BlackFideId "13700316"]
[EventDate "2014.10.17"]

1. d4 Nf6 2. Nf3 e6 3. g3 b5 4. Bg2 Bb7 5. c3 c5 6. O-O Be7 7. Bg5 cxd4 8. cxd4
O-O 9. Nbd2 h6 10. Bxf6 Bxf6 11. e4 Qb6 12. a4 Nc6 13. axb5 Nxd4 14. Nc4 Nxf3+
15. Bxf3 Qd4 16. Qxd4 Bxd4 17. Nd6 Rab8 18. Rfd1 Bb6 19. Nc4 Rfd8 20. Nxb6 axb6
21. Rd6 f5 22. Ra4 fxe4 23. Bxe4 Bxe4 24. Rxe4 Kf7 25. Red4 Ke7 26. Kg2 Rb7 27.
Rd3 Rc8 28. R6d4 Rc5 29. Rb3 Rbc7 30. Rg4 g5 31. Ra4 Rf5 32. Rab4 Rc2 33. Rf3
Rxf3 34. Kxf3 d5 35. Rb3 e5 36. Rc3 Rxc3+ 37. bxc3 Kd6 38. Kg4 Kc5 39. Kf5 d4
40. cxd4+ exd4 41. Ke4 Kc4 42. f4 gxf4 43. gxf4 d3 44. Ke3 0-1

[Event "Chigorin Mem Blitz 2014"]
[Site "St Petersburg RUS"]
[Date "2014.10.17"]
[Round "9.5"]
[White "Harika, Dronavalli"]
[Black "Bukavshin, Ivan"]
[Result "1/2-1/2"]
[WhiteTitle "GM"]
[BlackTitle "GM"]
[WhiteElo "2528"]
[BlackElo "2616"]
[WhiteFideId "5015197"]
[BlackFideId "4199758"]
[EventDate "2014.10.17"]

1. Nf3 d5 2. g3 c6 3. Bg2 Bg4 4. c4 Nf6 5. cxd5 Bxf3 6. Bxf3 cxd5 7. Qb3 Qd7 8.
Nc3 e6 9. O-O Nc6 10. Qa4 Bc5 11. d3 h6 12. Bd2 O-O 13. Rac1 Nd4 14. Qxd7 Nxf3+
15. exf3 Nxd7 16. Na4 Bd6 17. f4 Rfc8 18. Be3 b5 19. Nc3 a6 20. Ne2 Be7 21.
Rxc8+ Rxc8 22. Rc1 Rxc1+ 23. Nxc1 Bf6 24. b3 Nb8 25. Kf1 Nc6 26. Ke2 h5 27. Kd1
Kh7 28. a4 Kg6 29. axb5 axb5 30. Ne2 h4 31. g4 Be7 32. h3 Bd6 33. Ng1 Nb4 34.
Ke2 Nc6 35. Nf3 Be7 36. Nd4 Nxd4+ 37. Bxd4 Bd6 38. Kf3 f6 39. Bc3 f5 40. g5 Kf7
41. Bd4 g6 42. Be5 Bf8 43. Ke2 Ke8 44. d4 Kd7 45. f3 Bb4 46. Kd3 Kc6 47. Kc2 Kb6
48. Kb2 Be1 49. Kc2 Ka5 50. Kb2 Bb4 51. Bc7+ Ka6 52. Be5 Ba5 53. Ka3 Bc3 54. b4
Kb6 55. Kb3 1/2-1/2

[Event "Chigorin Mem Blitz 2014"]
[Site "St Petersburg RUS"]
[Date "2014.10.17"]
[Round "9.7"]
[White "Alekseev, Evgeny"]
[Black "Burmakin, Vladimir"]
[Result "1/2-1/2"]
[WhiteTitle "GM"]
[BlackTitle "GM"]
[WhiteElo "2682"]
[BlackElo "2583"]
[WhiteFideId "4138147"]
[BlackFideId "4105109"]
[EventDate "2014.10.17"]

1. e4 c6 2. d4 d5 3. e5 Bf5 4. c4 e6 5. Nc3 dxc4 6. Bxc4 Nd7 7. Nf3 Nb6 8. Bd3
Ne7 9. O-O Bxd3 10. Qxd3 Nf5 11. Bd2 Be7 12. Rad1 O-O 13. Bc1 Nd5 14. Ne4 Nh4
15. Neg5 Nxf3+ 16. Nxf3 h6 17. Qe4 Qa5 18. a3 Qa4 19. Rd3 Rad8 20. Qg4 Kh7 21.
Nd2 Qc2 22. Rg3 Qg6 23. Qe2 Qc2 24. Qg4 Qg6 25. Qe2 Qc2 26. Qg4 Qg6 1/2-1/2

[Event "Chigorin Mem Blitz 2014"]
[Site "St Petersburg RUS"]
[Date "2014.10.17"]
[Round "9.9"]
[White "Sethuraman, S.P."]
[Black "Demchenko, Anton"]
[Result "0-1"]
[WhiteTitle "GM"]
[BlackTitle "GM"]
[WhiteElo "2613"]
[BlackElo "2588"]
[WhiteFideId "5021596"]
[BlackFideId "4160258"]
[EventDate "2014.10.17"]

1. d4 Nf6 2. c4 g6 3. f3 Bg7 4. e4 O-O 5. Nc3 d6 6. Be3 Nc6 7. Nge2 a6 8. Qd2
Bd7 9. Rb1 b5 10. cxb5 axb5 11. b4 Qb8 12. d5 Ne5 13. Nd4 e6 14. dxe6 fxe6 15.
Ndxb5 Nxe4 16. Nxe4 Bxb5 17. Qc2 Ra3 18. Rb3 Ba4 19. Qc1 Rxa2 20. Rb1 Rxf3 21.
Be2 Rf8 22. Nc3 Rc2 23. Qa3 Rxc3 0-1

[Event "Chigorin Mem Blitz 2014"]
[Site "St Petersburg RUS"]
[Date "2014.10.17"]
[Round "9.10"]
[White "Gabrielian, Artur"]
[Black "Golubov, Saveliy"]
[Result "0-1"]
[WhiteTitle "GM"]
[WhiteElo "2557"]
[BlackElo "2347"]
[WhiteFideId "4131002"]
[BlackFideId "24176729"]
[EventDate "2014.10.17"]

1. Nf3 d5 2. g3 c6 3. Bg2 Bg4 4. O-O Nd7 5. d4 Bxf3 6. Bxf3 Ngf6 7. Nd2 e6 8. e4
dxe4 9. Nxe4 Be7 10. c3 O-O 11. Nd2 e5 12. Nb3 Qc7 13. Re1 Bd6 14. Bg5 h6 15.
Be3 Rfe8 16. Qc2 Rad8 17. Rad1 exd4 18. Nxd4 Ne5 19. Bg2 Nc4 20. Bc1 Rxe1+ 21.
Rxe1 Bf8 22. Qb3 Nd6 23. Bf4 Qc8 24. h3 Re8 25. Rxe8 Nfxe8 26. a4 Nc7 27. a5 a6
28. h4 Ncb5 29. Qd1 Nxd4 30. Qxd4 Qe6 31. Kh2 Nf5 32. Qd8 Ne7 33. Qb8 Qd7 34.
Bh3 Nf5 35. Bxf5 Qxf5 36. Qxb7 Qxa5 37. Qxc6 Qf5 38. Kg2 Qc2 39. Qxa6 Qxb2 40.
Qc6 Qc2 41. c4 g6 42. Qd5 Kg7 43. Be5+ Kg8 44. Bd4 Qd3 45. Qe5 f6 46. Qe6+ Kh7
47. Qxf6 Qe4+ 48. Kh2 Kg8 49. Qh8+ Kf7 50. Qf6+ Kg8 51. c5 g5 52. h5 g4 53. Qg6+ 0-1

[Event "Chigorin Mem Blitz 2014"]
[Site "St Petersburg RUS"]
[Date "2014.10.17"]
[Round "9.11"]
[White "Smirnov, Pavel"]
[Black "Matsenko, Sergei"]
[Result "0-1"]
[WhiteTitle "GM"]
[BlackTitle "IM"]
[WhiteElo "2611"]
[BlackElo "2485"]
[WhiteFideId "4123425"]
[BlackFideId "4170083"]
[EventDate "2014.10.17"]

1. d4 Nf6 2. c4 e6 3. Nc3 Bb4 4. g3 c5 5. Nf3 cxd4 6. Nxd4 Ne4 7. Qd3 Nxc3 8.
bxc3 Be7 9. Bg2 O-O 10. O-O a6 11. Rd1 Qc7 12. Bf4 d6 13. c5 e5 14. cxd6 Bxd6
15. Nf3 exf4 16. Ng5 g6 17. Qxd6 Qxd6 18. Rxd6 fxg3 19. fxg3 Nc6 20. Rf1 Ne5 21.
Bd5 Kg7 22. Rdf6 Bf5 23. Rb6 h6 24. Nf3 Nxf3+ 25. Rxf3 Rab8 26. e4 Bg4 27. Rf4
Bd7 28. Rbf6 Be8 29. e5 Rc8 30. c4 Rc7 31. e6 b5 32. exf7 Bxf7 33. Kf2 bxc4 34.
Bxf7 Rfxf7 35. Rxf7+ Rxf7 36. Rxf7+ Kxf7 37. Ke3 Ke6 38. Kd4 Kf5 39. Kxc4 Kg4
40. Kc5 Kh3 41. Kb6 Kxh2 42. Kxa6 Kxg3 43. Kb5 h5 44. a4 h4 45. a5 h3 46. a6 h2 0-1

[Event "Chigorin Mem Blitz 2014"]
[Site "St Petersburg RUS"]
[Date "2014.10.17"]
[Round "9.12"]
[White "Volkov, Sergey"]
[Black "Gurvich, Vitaly"]
[Result "1-0"]
[WhiteTitle "GM"]
[WhiteElo "2599"]
[BlackElo "2106"]
[WhiteFideId "4122763"]
[BlackFideId "24164852"]
[EventDate "2014.10.17"]

1. d4 Nf6 2. c4 g6 3. Nc3 Bg7 4. e4 d6 5. Be2 O-O 6. Nf3 Bg4 7. Be3 Nfd7 8. h4
Nc6 9. d5 Na5 10. Nd2 Bxe2 11. Qxe2 Bxc3 12. bxc3 e5 13. dxe6 fxe6 14. h5 Qf6
15. hxg6 hxg6 16. Rh3 Rf7 17. Bd4 e5 18. Be3 Rh7 19. Rxh7 Kxh7 20. Qg4 Nb6 21.
Ke2 Kg7 22. Bg5 Qf7 23. Rh1 Rh8 24. Rxh8 Kxh8 25. Qh4+ Kg8 26. c5 dxc5 27. Bf6
Qh7 28. Qxh7+ Kxh7 29. Bxe5 c6 30. Bd6 Nd7 31. e5 g5 32. e6 Nf6 33. Bxc5 Kg6 34.
Bxa7 b5 35. Bc5 Kf5 36. e7 Nb7 37. Ba3 Ke6 38. Nf3 g4 39. Nd4+ Kd7 40. Kd3 Nd5
41. c4 Nf4+ 42. Ke4 Ng6 43. Nxc6 bxc4 44. Ne5+ Nxe5 45. Kxe5 c3 46. Kf4 c2 47.
Ke3 1-0

[Event "Chigorin Mem Blitz 2014"]
[Site "St Petersburg RUS"]
[Date "2014.10.17"]
[Round "10.1"]
[White "Ponkratov, Pavel"]
[Black "Smirin, Ilia"]
[Result "0-1"]
[WhiteTitle "GM"]
[BlackTitle "GM"]
[WhiteElo "2617"]
[BlackElo "2655"]
[WhiteFideId "4157800"]
[BlackFideId "2801990"]
[EventDate "2014.10.17"]

1. e4 c5 2. Nf3 e6 3. d4 cxd4 4. Nxd4 a6 5. Be2 Nf6 6. Nc3 d6 7. f4 Nbd7 8. a4
b6 9. Bf3 Bb7 10. O-O Qc7 11. Qe1 Be7 12. e5 dxe5 13. fxe5 Bc5 14. Be3 Nxe5 15.
Bxb7 Neg4 16. Bc6+ Kf8 17. Nxe6+ fxe6 18. Bxc5+ bxc5 19. Rxf6+ gxf6 20. Bxa8
Qxh2+ 21. Kf1 Qf4+ 22. Bf3 Ne3+ 23. Kg1 Nxc2 24. Qd1 Nxa1 25. Qxa1 Qd4+ 26. Kf1
Rg8 27. Qe1 Kf7 28. Qe2 c4 29. Ne4 Rb8 30. Qd2 Qxe4 0-1